000 00753cam a22002291 4500
001 ne 66000900
003 DLC
005 20260227111823.0
008 870529s1965 iq 000 0 arar
010 _ane 66000900
035 _a(OCoLC)15747140
040 _aDLC
_cWaU
_dDLC
042 _apremarc
050 0 0 _aCS1129
_b.A3 1965
100 0 _aAbū al-Faraj al-Iṣbahānī,
_d897 or 898-967.
245 1 0 _aMaqātil al-ṭālibīyīn
_cli-Abī al-Faraj al-Iṣfahānī, qaddama lahu wa-ashrafa ʻalá ṭabʻihi Kāẓim al-Muẓaffar.
260 _aal-Najaf :
_bal-Maktabah al-Ḥaydarīyah,
_c1965.
300 _a16, 475 p.
500 _aCover title: Makatel al-Talibyin.
600 3 0 _aAbū Ṭālib family.
700 1 _aMuẓaffar, Kāẓim.
999 _c48881
_d48881